Manchester City F.C. 2020-21 Squad - Statistics

General Stats
  • This quiz has been taken 1,158 times
    1,064 since last reset
  • The average score is 20 of 25
Answer Stats
No. Position Nationality Answer % Correct
5 DF England John Stones
96%
17 MF Belgium Kevin De Bruyne
96%
2 DF England Kyle Walker
95%
- Manager Spain Pep Guardiola
95%
3 DF Portugal Rúben Dias
95%
10 FW Argentina Sergio Agüero
94%
20 MF Portugal Bernardo Silva
93%
9 FW Brazil Gabriel Jesus
93%
8 MF Germany İlkay Gündoğan
92%
6 DF Netherlands Nathan Aké
92%
7 FW England Raheem Sterling
92%
31 GK Brazil Ederson
91%
26 MF Algeria Riyad Mahrez
91%
11 MF Ukraine Oleksandr Zinchenko
88%
47 MF England Phil Foden
87%
14 DF France Aymeric Laporte
83%
27 DF Portugal João Cancelo
82%
25 MF Brazil Fernandinho
79%
22 DF France Benjamin Mendy
75%
21 FW Spain Ferran Torres
73%
16 MF Spain Rodrigo
68%
13 GK United States Zack Steffen
67%
33 GK England Scott Carson
58%
50 DF Spain Eric García
50%
34 DF Netherlands Phillippe Sandler
16%
No matching quizzes found
Score Distribution
Percent of People with Each Score
Percentile by Number Answered
Your Score History
You have not taken this quiz since the last reset